000 00333nam a2200145Ia 4500
005 20251222141857.0
008 251222s9999||||xx |||||||||||||| ||spa||
020 _a84-309-3396-4
082 _a348.023/G46
100 _aGimbernat Ordeig, Enrique
245 0 _aCódigo Penal
250 _a5a.ed.
264 _bTecnos
942 _cLIB
999 _c7942
_d7942